000 00725 a2200205 4500
010 _aENG-85513
020 _c250.00
_a8187619112
035 _aEN-69046
037 _bD.B.Act / Pub
082 1 4 _aN
090 _c2845
_d2845
100 1 _aKeshari, Rita Nath
245 1 _aThe postcolonial encounter
_cby Rita Nath Keshari
_bIndia in the British imagination
260 _aPondicherry
_bBusy Bee Books
_c2006
270 _aD-88 (Old No. 74), Poincare St., Olandai-Keerapalayam
_bPondicherry
_k0413-2357247
_e605004
_mrajbusybee@sify.com
300 _a81 p.
_c21 cm (Pbk.)
500 _aincludes i ndex
942 _adp
_cEN
_kN / Kes
999 _c2791
_d2791